All Detectives from Ace Attorney games - Statistics

General Stats
  • This quiz has been taken 237 times
    73 since last reset
  • The average score is 10 of 17
Answer Stats
Hint Answer % Correct
He can do it when it counts, pal! Dick Gumshoe
100%
Don't forget his name or you'll be shot in Texas! Jake Marshall
96%
The Cough-Up Queen! Angel Starr
91%
Forensic Fey Ema Skye
89%
He's been swimming a lot lately Damon Gant
78%
SL-9 Expert who died in a case Bruce Goodman
69%
He demands that you look at him! Luke Atmey
69%
Also known as the Phantom Bobby Foolbright
65%
The Detective of the Foggy Town Herlock Sholmes
57%
Total Baddass Tyrell Badd
52%
Bomb Disposal Expert who died in a case Candice Arme
39%
Stepsister to a psychopath! Valerie Hawthorne
37%
The Great Detective's Enemy Tobias Gregson
30%
Pickpocket turned into "Assistant to the Detective" Gina Lestrade
24%
Won a Duel against a Serial Killer... and got punished for it... Genshin Asogi
22%
If he's NOT coughing, then something is wrong with him. Satoru Hosonaga
20%
Smuggling Ring Expert who died in a case Buddy Faith
17%
No matching quizzes found
Score Distribution
Percent of People with Each Score
Percentile by Number Answered
Your Score History
You have not taken this quiz since the last reset